000 00352nam a2200109Ia 4500
008 171211s9999 xx 000 0 und d
245 4 _aThe Fast Food Diet: Lose Weight and Feel Great Even If You're Too Busy to Eat Right
245 _cStephen T. Sinatra
260 _c2006
650 _xCOOKBOOKS
856 _uhttp://down.ebook777.com/062/163026198X.pdf
999 _c348151
_d348151